01657nam a22001577a 450000500170000000800410001702000180005808200190007610000030009524500790009825000120017726000390018930000350022850000360026350512000029920251121105938.0251121b ||||| |||| 00| 0 eng d a9789988137366 2HC1060.A27(2e)  aCritical economics issues for national development /cEmmanuel Acquah-Sam. a2nd ed. aAccra :bSamico Mega Press,c2022. axvii, 436 p. :bill. ;c20 cm. aIncludes index and references.  aContents: A comparative analysis of the contributions of the public and private sectors to sustainable economic growth -- The ramifications of rising national debt -- Financial independence and economic growth: the moderating role of the development of the financial sector -- Alternative sources of financing government fiscal budget: benefits and challenges -- The effects of foreign direct investments on economic growth -- Understanding the power of inflation -- Oil and gas production and management in Ghana -- The discussions on the financing of small and medium enterprises (SMEs) and startups in Ghana -- The evaluation of the effects of uncompleted government infrastructural projects -- Developing an economy beyond development aid -- Promoting economic growth of developing economies: reflections on capital accumulation, state planning, and self-sufficiency -- The obstacles to Ghana's economic growth and development -- The Promotion of agriculture and food security in Ghana -- Economic analysis of shutting down business enterprises -- Understanding the industrial development trajectory in Ghana -- Sports development and economic growth and development of developing economies.